000 00197 a2200097 4500
020 _a9780763670566
041 _aspa
100 _aAyres, Katherine
245 _aArriba, abajo y alrededor
942 _cBK
999 _c9157
_d9157